| 000 | 003310000a22001090004500 | ||
|---|---|---|---|
| 090 |
_aAS _bSeriadas |
||
| 245 | 1 | 0 | _aHemiparásitas en la franja subandina del departamento de Cundinamarca, Colombia |
| 041 | 0 | _aEspañol | |
| 100 | 1 |
_aBarrera Torres, Eduardo _999077 |
|
| 942 | _cARTICULO | ||
| 773 | 1 |
_tCaldasia _345 _h1-2 _q257-267 _d1997 _g19 |
|
| 999 |
_c14363 _d14363 |
||